000 00287nam a2200097Ia 4500
082 _a320.967571 VAS
245 0 _aRwanda : an agenda for international action
100 _a ROSS, Fiona C. Claremont, South Africa, 2010
942 _cBK
008 210817s9999 xx 000 0 und d
999 _c184890
_d184890